[Event "Air Force ch"]
[Site "?"]
[Date "1992.??.??"]
[Round "5"]
[White "Wilson, M."]
[Black "Garcia, M."]
[Result "1/2-1/2"]
[WhiteElo "1930"]
[BlackElo "1960"]
[PlyCount "120"]
[EventDate "1992.??.??"]

1. e4 c6 2. d4 d5 3. Nc3 dxe4 4. Nxe4 Nd7 5. Bc4 Ngf6 6. Ng5 e6 7. Qe2 Nb6 8.
Bd3 h6 9. N5f3 c5 10. dxc5 Bxc5 11. Ne5 Nbd7 12. Ngf3 Nxe5 13. Nxe5 a6 14. O-O
Nd7 15. Bf4 Nxe5 16. Bxe5 Qg5 17. Bc3 O-O 18. Rad1 Re8 19. Bd2 Qh4 20. Bc3 Kf8
21. g3 Qe7 22. Qg4 f6 23. Bg6 e5 24. Qe2 Bh3 25. Bxe8 Bxf1 26. Kxf1 Rxe8 27.
Qe4 Kg8 28. Qd5+ Kf8 29. Qd7 e4 30. Qxe7+ Kxe7 31. Bd4 Rc8 32. Bxc5+ Rxc5 33.
c3 f5 34. Ke2 Ra5 35. a3 Rc5 36. h4 a5 37. Ke3 g5 38. hxg5 hxg5 39. Rd2 a4 40.
Rd4 b5 41. g4 Ke6 42. gxf5+ Kxf5 43. Rxe4 Re5 44. Rxe5+ Kxe5 45. Kf3 Kf5 46.
Kg3 g4 47. f3 gxf3 48. Kxf3 Ke5 49. Ke3 Kd5 50. Kd3 Kc5 51. Kd2 Kd5 52. Kc1 Kc5
53. Kc2 Kc4 54. b3+ axb3+ 55. Kb2 Kd5 56. Kxb3 Kc5 57. Kb2 Kd5 58. Kc1 Kc5 59.
Kb2 Kd5 60. Kb3 Kc5 1/2-1/2

[Event "1991 Armed Forces Ch"]
[Site "?"]
[Date "1991.??.??"]
[Round "8"]
[White "Regensberg, W."]
[Black "Hampel, R."]
[Result "1-0"]
[WhiteElo "2170"]
[BlackElo "2135"]
[PlyCount "119"]
[EventDate "1991.??.??"]

1. d4 d5 2. c4 e6 3. Nc3 c6 4. Nf3 dxc4 5. e4 b5 6. g3 Bb7 7. Bg2 Nf6 8. e5 Nd5
9. O-O Be7 10. Ne4 O-O 11. Bg5 Bxg5 12. Nfxg5 Nd7 13. Nxh7 Kxh7 14. Qh5+ Kg8
15. Ng5 N5f6 16. exf6 Nxf6 17. Qh4 Qd6 18. Rae1 Rfd8 19. Be4 Rab8 20. Bh7+ Kf8
21. Bg6 Qd5 22. Qh8+ Ng8 23. Nh7+ Ke7 24. Qxg7 Rf8 25. Nxf8 Rxf8 26. Re5 Qd8
27. Rfe1 Bc8 28. Bf5 Kd6 29. Bh3 Nf6 30. Qg5 Kc7 31. Qd2 Kb8 32. Bg2 Bb7 33. a4
a6 34. axb5 cxb5 35. Bxb7 Kxb7 36. Qf4 Nd5 37. Qf3 Qd6 38. Rh5 Kb6 39. Rh7 Qe7
40. Qh5 Nf6 41. Qh4 Nd5 42. Qh5 Nf6 43. Qg5 Qb4 44. Qc5+ Qxc5 45. dxc5+ Kxc5
46. Rg7 Nd5 47. h4 a5 48. h5 b4 49. h6 a4 50. h7 Nf6 51. Rxf7 Nxh7 52. Rxh7 Rc8
53. Rh5+ Kd6 54. Rd1+ Kc6 55. Ra5 a3 56. bxa3 b3 57. Ra4 Kc5 58. Rxc4+ Kxc4 59.
Rc1+ Kd3 60. Rxc8 1-0

[Event "1991 Armed Forces Ch"]
[Site "?"]
[Date "1991.??.??"]
[Round "12"]
[White "Lacno, D."]
[Black "McQueen, R."]
[Result "1-0"]
[WhiteElo "2065"]
[BlackElo "1875"]
[PlyCount "119"]
[EventDate "1991.??.??"]

1. e4 e5 2. d4 exd4 3. Nf3 Nc6 4. Bc4 Bc5 5. O-O Nf6 6. e5 d5 7. exf6 dxc4 8.
fxg7 Rg8 9. Re1+ Be6 10. Ng5 Qd5 11. Nc3 Qf5 12. Nce4 O-O-O 13. Nxe6 fxe6 14.
Nxc5 Qxc5 15. Qg4 Qf5 16. Qxf5 exf5 17. Bg5 Rd7 18. Bf6 Rf7 19. Re6 Nd8 20.
Bxd8 Kxd8 21. Rd1 Kd7 22. Re5 Kd6 23. f4 c5 24. Rde1 Rgxg7 25. Kf2 b6 26. g3
Rg6 27. Re8 Kd7 28. R1e5 Rd6 29. Ke2 Rh6 30. h4 Rg6 31. Kf2 d3 32. cxd3 cxd3
33. Ra8 Kc6 34. Rc8+ Kb5 35. Rd8 Kc4 36. Red5 Re6 37. Rxd3 Rfe7 38. Rd2 Re4 39.
b3+ Kc3 40. R8d3+ Kb4 41. Rd5 Kc3 42. h5 Rd4 43. R2xd4 cxd4 44. Rxf5 d3 45. Rd5
d2 46. g4 Kc2 47. g5 d1=Q 48. Rxd1 Kxd1 49. Kf3 Kd2 50. f5 Kd3 51. f6 Re5 52.
Kf4 Re4+ 53. Kf5 Kd4 54. f7 Re1 55. Kf6 Rf1+ 56. Kg7 Ke5 57. f8=Q Rxf8 58. Kxf8
Kf5 59. g6 hxg6 60. h6 1-0

[Event "1991 Armed Forces Ch"]
[Site "?"]
[Date "1991.??.??"]
[Round "9"]
[White "Felsen, A."]
[Black "Crook, C."]
[Result "0-1"]
[WhiteElo "1975"]
[BlackElo "2120"]
[PlyCount "120"]
[EventDate "1991.??.??"]

1. e4 d5 2. exd5 Qxd5 3. Nc3 Qa5 4. d4 Nf6 5. Bd2 c6 6. Bd3 g6 7. Nf3 Bg7 8.
O-O O-O 9. Re1 Qc7 10. Qe2 Re8 11. Bg5 Bg4 12. h3 Bxf3 13. Qxf3 Nbd7 14. Re2
Rad8 15. Rae1 Nf8 16. Ne4 Nd5 17. c3 Ne6 18. g3 f5 19. Bh4 fxe4 20. Rxe4 Nf8
21. Bc4 Rd7 22. Qg4 e6 23. f4 b5 24. Bb3 Rf7 25. Qe2 Bf6 26. Bxf6 Rxf6 27. Re5
Rf5 28. Re4 Kh8 29. Kg2 Re7 30. Kh2 Ref7 31. Bc2 R5f6 32. Re5 h6 33. Qg4 c5 34.
dxc5 Qxc5 35. R1e2 Qc7 36. Kg2 b4 37. cxb4 Nxb4 38. Bb3 Nd3 39. R5e3 Qc6+ 40.
Kh2 Nc5 41. Bc2 Ncd7 42. Bb3 Re7 43. Qh4 Kg7 44. Bc2 e5 45. f5 Nh7 46. g4 Ng5
47. Qg3 Nf7 48. h4 g5 49. h5 Rd6 50. Bb3 Rd4 51. Rc3 Qd6 52. Qg2 e4+ 53. Kh1
Nf6 54. Bc2 Qf4 55. Rg3 Ne5 56. Rf2 Qc1+ 57. Kh2 e3 58. Re2 Nexg4+ 59. Kh3 Nf2+
60. Rxf2 Rh4# 0-1

[Event "Air Force ch"]
[Site "?"]
[Date "1987.??.??"]
[Round "8"]
[White "McCalmont, J."]
[Black "Tate, E."]
[Result "0-1"]
[WhiteElo "2155"]
[BlackElo "2380"]
[PlyCount "122"]
[EventDate "1987.??.??"]

1. e4 c5 2. Nf3 d6 3. c4 Nf6 4. Nc3 Bg4 5. Be2 Nc6 6. d3 g6 7. h3 Bd7 8. Be3
Bg7 9. d4 cxd4 10. Nxd4 O-O 11. Qd2 Qc8 12. Rc1 Re8 13. Bf3 Rb8 14. Nxc6 bxc6
15. Bxa7 Rb4 16. Be3 Rxc4 17. a3 Qb8 18. O-O Be6 19. Rfd1 d5 20. exd5 cxd5 21.
Be2 d4 22. Bxd4 Rxd4 23. Qxd4 Ng4 24. Qxg7+ Kxg7 25. Bxg4 Bxg4 26. hxg4 Qxb2
27. Nd5 Qxa3 28. Ne3 Ra8 29. Rc7 Qb4 30. Rc4 Qb3 31. Rc7 Qe6 32. Re1 Qd6 33.
Rxe7 Ra2 34. Rb7 Qf4 35. Rf1 Re2 36. Rb3 Qe4 37. Rc3 Rb2 38. Rfc1 Kh6 39. Rc6
Qf4 40. Rf1 Kg7 41. Rc3 Rb5 42. Rfc1 h5 43. Rc4 Qf6 44. Rc6 Qh4 45. R6c4 hxg4
46. Rxg4 Qh6 47. Rg3 Rh5 48. Rh3 Rxh3 49. gxh3 Qxh3 50. Rc7 Qe6 51. Ra7 Kh6 52.
Ra5 f5 53. Ra4 Kh5 54. Rf4 Qe5 55. Ra4 f4 56. Ng2 g5 57. Rc4 Qa1+ 58. Kh2 Qb2
59. Kg1 Kg4 60. Ne3+ Kf3 61. Nd1 Qa1 0-1

[Event "Air Force ch"]
[Site "?"]
[Date "1989.??.??"]
[Round "5"]
[White "Wilson, A."]
[Black "Lankey, B."]
[Result "1/2-1/2"]
[WhiteElo "2130"]
[BlackElo "2230"]
[PlyCount "124"]
[EventDate "1989.??.??"]

1. d4 Nf6 2. c4 e5 3. dxe5 Ng4 4. Nf3 Bc5 5. e3 Nc6 6. Be2 Ngxe5 7. Nc3 d6 8.
a3 Nxf3+ 9. Bxf3 Ne5 10. b4 Bb6 11. Be2 O-O 12. Bb2 Re8 13. Nd5 Qh4 14. Nxb6
axb6 15. Qd4 Qxd4 16. Bxd4 Bf5 17. O-O Ra7 18. c5 bxc5 19. bxc5 dxc5 20. Bxc5
b6 21. Bd4 c5 22. Bc3 f6 23. Rfd1 Be6 24. Bb5 Rea8 25. Bxe5 fxe5 26. Rd6 Kf7
27. a4 Rb8 28. f4 e4 29. Rad1 g6 30. h3 Ke7 31. g4 h5 32. g5 h4 33. Rc6 Rd7 34.
Rxd7+ Bxd7 35. Rxg6 Bxb5 36. axb5 Ra8 37. Rxb6 Ra1+ 38. Kf2 Ra2+ 39. Kf1 Ra1+
40. Ke2 Ra2+ 41. Kd1 Ra1+ 42. Kc2 Rh1 43. Rc6 Rh2+ 44. Kc3 Rxh3 45. Rxc5 Rxe3+
46. Kd4 Rb3 47. Kxe4 h3 48. Rc7+ Kf8 49. Rh7 Rb4+ 50. Kf3 Rxb5 51. Rxh3 Kg7 52.
Kg4 Rb4 53. Ra3 Rc4 54. Ra6 Rb4 55. Re6 Ra4 56. Kf5 Ra5+ 57. Re5 Ra7 58. g6 Rb7
59. Kg5 Kh8 60. Kf6 Rb6+ 61. Re6 Rb8 62. Kf7 $4 Rf8+ 1/2-1/2

[Event "1991 Armed Forces Ch"]
[Site "?"]
[Date "1991.??.??"]
[Round "1"]
[White "Murillo, M."]
[Black "Hampel, R."]
[Result "1/2-1/2"]
[WhiteElo "2200"]
[BlackElo "2130"]
[PlyCount "124"]
[EventDate "1991.??.??"]

1. e4 e5 2. Nf3 Nc6 3. Bb5 a6 4. Ba4 Nf6 5. O-O Nxe4 6. d4 b5 7. Bb3 d5 8. dxe5
Be6 9. Qe2 Bc5 10. Nbd2 Bf5 11. c3 O-O 12. Nxe4 dxe4 13. Ng5 Nxe5 14. Nxe4 Bg4
15. Qc2 Bf5 16. Qe2 Bg4 17. Qd2 Qxd2 18. Bxd2 Bb6 19. a4 Nd3 20. axb5 axb5 21.
Rxa8 Rxa8 22. Ng5 Be2 23. Bxf7+ Kh8 24. Bd5 Rf8 25. Nf7+ Rxf7 26. Bxf7 Bxf1 27.
Kxf1 Nxb2 28. Be8 Nc4 29. Bf4 Na3 30. Ke2 Ba5 31. Kd3 c5 32. Be5 b4 33. cxb4
Bxb4 34. Bf7 Nb5 35. h4 Nd4 36. Ke4 Nc6 37. Ba1 Ne7 38. h5 h6 39. f4 Bd2 40. g4
Ng8 41. Be5 Nf6+ 42. Kf5 Nh7 43. Bd6 Be3 44. Be7 Bd4 45. g5 hxg5 46. fxg5 Be3
47. Bc4 Bd2 48. g6 Nf6 49. Be2 Be3 50. Ke6 Ng8 51. Bf8 Bd4 52. Kd5 Bf6 53. Bxc5
Nh6 54. Ke6 Bc3 55. Bd6 Bb2 56. Bc4 Bc3 57. Bd3 Bb2 58. Bf4 Bc3 59. Be5 Bb4 60.
Bb2 Bc5 61. Kd5 Bb4 62. Bd4 Ba3 1/2-1/2

[Event "Air Force ch"]
[Site "?"]
[Date "1988.??.??"]
[Round "9"]
[White "Waldowski, P."]
[Black "Hood, A."]
[Result "1-0"]
[WhiteElo "2120"]
[BlackElo "2065"]
[PlyCount "125"]
[EventDate "1988.??.??"]

1. e4 d6 2. d4 Nf6 3. Nc3 g6 4. Be2 Bg7 5. Be3 O-O 6. Qd2 Re8 7. Bh6 Bh8 8.
O-O-O c5 9. dxc5 Qa5 10. Bc4 Qxc5 11. Bb3 Ng4 12. Nge2 Nxh6 13. Qxh6 Bg7 14.
Qf4 Rf8 15. Rd5 Qc7 16. Rd3 Nc6 17. Nd5 Qd8 18. Qd2 Ne5 19. Rg3 b5 20. Qg5 Re8
21. f4 Nc4 22. f5 Bxb2+ 23. Kb1 Bg7 24. fxg6 hxg6 25. Rf1 Qa5 $2 26. Bxc4 Be6
27. Bb3 Rac8 28. Nxe7+ Rxe7 29. Qxe7 Qa3 30. Qxf7+ $1 Kh8 31. Qxg7+ Kxg7 32.
Bxe6 Qb4+ 33. Rb3 Qxe4 34. Bxc8 Qxe2 35. Rbf3 Qxg2 36. h4 Qh2 37. Rf7+ Kh6 38.
Bb7 Qe5 39. R7f4 a5 40. Re4 Qc5 41. Rg4 a4 42. Rf6 Qc3 43. Rfxg6+ Kh5 44. R6g5+
Kh6 45. Rxb5 Qe1+ 46. Kb2 a3+ 47. Kxa3 Qc3+ 48. Rb3 Qxc2 49. Rgb4 Qc1+ 50. Ka4
Qc2 51. a3 Qc5 52. Rb5 Qa7+ 53. Ra5 Qd4+ 54. Rb4 Qd3 55. Rd5 Qc2+ 56. Kb5 Qc7
57. Ka6 Qc3 58. Ra5 Qc7 59. Rab5 Qc3 60. a4 Qe3 61. Rd5 Kg7 62. Rbd4 Qe2+ 63.
Ka7 1-0

[Event "1991 Armed Forces Ch"]
[Site "?"]
[Date "1991.??.??"]
[Round "7"]
[White "Crook, C."]
[Black "McMahon, D."]
[Result "1/2-1/2"]
[WhiteElo "2125"]
[BlackElo "2020"]
[PlyCount "126"]
[EventDate "1991.??.??"]

1. e4 e5 2. f4 Bc5 3. Nf3 Nc6 4. Nc3 d6 5. Na4 Bb6 6. Nxb6 axb6 7. fxe5 dxe5 8.
Bc4 Nf6 9. O-O Bg4 10. d3 Nd4 11. Bxf7+ Ke7 12. Bb3 Nxf3+ 13. gxf3 Bh3 14. Rf2
Qd6 15. Be3 Nh5 16. Kh1 h6 17. f4 Nxf4 18. Bxf4 exf4 19. Qf3 Qd4 20. c3 Qe3 21.
Qxe3 fxe3 22. Re2 g5 23. Rxe3 g4 24. d4 Rhf8 25. Bc4 Rf2 26. Be2 Raf8 27. Rg1
h5 28. c4 Bf1 29. Rxf1 Rxf1+ 30. Bxf1 Rxf1+ 31. Kg2 Rd1 32. Kg3 Rxd4 33. b3 Rd2
34. a3 Ke6 35. e5 Kf5 36. h3 gxh3 37. Kxh3 Ke6 38. Kg3 Rd4 39. Kg2 Rg4+ 40. Kf3
Rg5 41. Rd3 Rxe5 42. Rd8 Kf6 43. Rh8 Kg7 44. Rd8 Re7 45. Kf4 Kg6 46. Rg8+ Rg7
47. Rh8 Rf7+ 48. Kg3 Rh7 49. Rg8+ Kf7 50. Rb8 h4+ 51. Kh3 Ke6 52. Rxb7 Kd6 53.
Rb8 Kc6 54. Rf8 Kc5 55. Rf4 Rd7 56. b4+ Kc6 57. Kxh4 Rd3 58. Rf6+ Kb7 59. Kg4
Rxa3 60. b5 Rd3 61. Rc6 Rd4+ 62. Kf3 Rh4 63. Ke3 Rg4 1/2-1/2

[Event "Air Force ch"]
[Site "?"]
[Date "1987.??.??"]
[Round "4"]
[White "McCalmont, J."]
[Black "Hood, A."]
[Result "0-1"]
[WhiteElo "2155"]
[BlackElo "2085"]
[PlyCount "127"]
[EventDate "1987.??.??"]

1. e4 Nf6 2. e5 Nd5 3. c4 Nb6 4. d4 d6 5. exd6 cxd6 6. Nc3 g6 7. Bd3 Bg7 8. Be3
O-O 9. Rc1 Nc6 10. Nge2 Nb4 11. b3 Nxd3+ 12. Qxd3 Nd7 13. O-O Nf6 14. Ng3 b6
15. Rfd1 Bb7 16. d5 Qd7 17. f3 Rfd8 18. Nge4 Nxe4 19. fxe4 Be5 20. Bd4 f6 21.
Nb5 Ba6 22. a4 Bxb5 23. cxb5 Bxd4+ 24. Qxd4 a6 25. Rc6 axb5 26. axb5 Rdb8 27.
h3 Qa7 28. Rdc1 Qa2 29. Rc7 Ra7 30. Qc3 Rba8 31. Rxa7 Rxa7 32. Kh2 Qf2 33. Qc2
Qxc2 34. Rxc2 Ra5 35. Rc4 Rxb5 36. b4 f5 37. Kg3 fxe4 38. Rd4 Kf7 39. Kf4 e3
40. Kxe3 e5 41. dxe6+ Kxe6 42. g4 Re5+ 43. Kf3 g5 44. Kf2 d5 45. Kf3 Re1 46. h4
gxh4 47. g5 Re4 48. Rd1 Rxb4 49. Rg1 Rb3+ 50. Kf4 Rb4+ 51. Kf3 Kf5 52. Rd1 d4
53. Rg1 Rb3+ 54. Ke2 Rg3 55. Rb1 h3 56. Rxb6 h2 57. Rh6 Rg2+ 58. Kd3 Kxg5 59.
Rxh7 Kg4 60. Kxd4 Kf3 61. Rf7+ Ke2 62. Re7+ Kf1 63. Rh7 Rg4+ 64. Ke3 0-1

[Event "Air Force ch"]
[Site "?"]
[Date "1988.??.??"]
[Round "11"]
[White "Echaure, S."]
[Black "Lank, J."]
[Result "0-1"]
[WhiteElo "2075"]
[BlackElo "2090"]
[PlyCount "128"]
[EventDate "1988.??.??"]

1. d4 Nf6 2. Nf3 d5 3. Bf4 c5 4. e3 Qb6 5. Qc1 Nc6 6. c3 Bf5 7. h3 h6 8. Nbd2
Rc8 9. Be2 e6 10. O-O cxd4 11. exd4 Be7 12. Re1 O-O 13. a3 Qd8 14. Qd1 a6 15.
Rc1 Na5 16. Ne5 Qb6 17. b4 Nc6 18. g4 Bh7 19. Ndf3 Ne4 20. Nd7 Qa7 21. Nxf8
Kxf8 22. c4 dxc4 23. Bxc4 Rd8 24. Be3 Qb8 25. Bd3 Nf6 26. Bxh7 Nxh7 27. Qc2 Nf6
28. Kg2 Nd5 29. Qe4 Nf6 30. Qb1 Rd5 31. Qb2 Qd6 32. Rc5 Nd7 33. Rxd5 Qxd5 34.
Bf4 Nb6 35. Qd2 Nc4 36. Qd3 Nxa3 37. Qxa3 Bxb4 38. Qe3 Bxe1 39. Qxe1 a5 40. Qc3
b5 41. Kf1 f6 42. Qc5+ Kf7 43. Qxd5 exd5 44. Ke2 Ke6 45. Kd3 a4 46. Bc1 b4 47.
Nd2 Na5 48. Kc2 Kd6 49. Kb1 Kc6 50. h4 Nc4 51. f4 Kb5 52. g5 hxg5 53. fxg5 fxg5
54. hxg5 b3 55. Nxc4 Kxc4 56. Kb2 g6 57. Be3 Kd3 58. Bf2 Kd2 59. Bg3 Kd3 60.
Be5 Kc4 61. Bf6 a3+ 62. Kb1 Kc3 63. Be7 a2+ 64. Ka1 b2+ 0-1

[Event "Air Force ch"]
[Site "?"]
[Date "1992.??.??"]
[Round "9"]
[White "Wilson, M."]
[Black "Echaure, S."]
[Result "0-1"]
[WhiteElo "1930"]
[BlackElo "2075"]
[PlyCount "132"]
[EventDate "1992.??.??"]

1. e4 g6 2. d4 Bg7 3. Nc3 d6 4. f4 c6 5. Nf3 Nf6 6. Bd3 Qb6 7. O-O Bg4 8. Be2
Nfd7 9. Be3 e5 10. fxe5 dxe5 11. Na4 Qa5 12. c3 O-O 13. b4 Qc7 14. h3 Bxf3 15.
Bxf3 Na6 16. Qd2 Rad8 17. Bh6 Rfe8 18. Bxg7 Kxg7 19. h4 b5 20. Nc5 Naxc5 21.
bxc5 Nxc5 22. h5 h6 23. Qf2 exd4 24. cxd4 Ne6 25. Qe3 Nf4 26. e5 Ne6 27. Rad1
Qb6 28. Kh1 Rxd4 29. Rxd4 Qxd4 30. Qe1 Ng5 31. hxg6 fxg6 32. Bxc6 Rxe5 33. Qa5
Ne6 34. Bf3 h5 35. Rd1 Qh4+ 36. Kg1 Kh6 37. Qxa7 Re1+ 38. Rxe1 Qxe1+ 39. Kh2
Qe5+ 40. Kh1 Nd4 41. Qf7 Kg5 42. Qb7 h4 43. Be4 Kh6 44. Qa8 Qf6 45. Bd3 Qd6 46.
Qe8 b4 47. Qe3+ Kg7 48. Qe4 Nf5 49. Qb7+ Kf6 50. Bxf5 gxf5 51. Qa8 Qd1+ 52. Kh2
Qg4 53. Qf8+ Ke6 54. Qe8+ Kd6 55. Qd8+ Kc5 56. Qc7+ Kd4 57. Qd6+ Kc3 58. Qe5+
Kc2 59. Qc5+ Kb1 60. Qd5 Kc1 61. Qc5+ Kb2 62. Qd5 Qe4 63. Qb3+ Ka1 64. a4 Qe5+
65. Kh3 Qc3+ 66. Qxc3+ bxc3 0-1

[Event "1991 Armed Forces Ch"]
[Site "?"]
[Date "1991.??.??"]
[Round "3"]
[White "Hughes, A."]
[Black "Hampel, R."]
[Result "1/2-1/2"]
[WhiteElo "2085"]
[BlackElo "2135"]
[PlyCount "132"]
[EventDate "1991.??.??"]

1. e4 e5 2. Nf3 Nc6 3. Bb5 a6 4. Ba4 Nf6 5. O-O Nxe4 6. d4 b5 7. Bb3 d5 8. dxe5
Be6 9. Nbd2 Bc5 10. c3 O-O 11. Bc2 Bf5 12. Nb3 Bb6 13. Nfd4 Nxd4 14. cxd4 Bg6
15. Be3 Qe7 16. Qe2 Ba7 17. Rac1 Rac8 18. Bb1 c5 19. f3 cxd4 20. Nxd4 Qxe5 21.
Nc6 Bxe3+ 22. Qxe3 Qd6 23. fxe4 Rxc6 24. Rxc6 Qxc6 25. exd5 Qxd5 26. Bxg6 hxg6
27. a3 Rc8 28. Rc1 Rd8 29. h3 Qd2 30. Qxd2 Rxd2 31. Rc8+ Kh7 32. Rc6 a5 33. b3
Rd3 34. Ra6 Rxb3 35. Rxa5 g5 36. a4 bxa4 37. Rxa4 Rb2 38. Rg4 Kh6 39. h4 gxh4
40. Rxh4+ Kg6 41. Rg4+ Kh7 42. Rh4+ Kg8 43. Ra4 g5 44. Kh2 Kg7 45. Kg3 Kg6 46.
Kf3 Rb3+ 47. Kf2 Rb6 48. Ra8 Kh5 49. Rf8 f6 50. Kg3 Kg6 51. Ra8 Rb3+ 52. Kf2 f5
53. Ra5 f4 54. Ra4 Kh5 55. Ra5 Kh4 56. Rf5 Kg4 57. Ra5 Rb2+ 58. Kg1 Kh4 59. Rf5
g4 60. Rxf4 Kg3 61. Rf1 Rxg2+ 62. Kh1 Ra2 63. Kg1 Kh3 64. Rb1 g3 65. Rc1 Ra3
66. Rb1 Rf3 1/2-1/2

[Event "Air Force ch"]
[Site "?"]
[Date "1988.??.??"]
[Round "3"]
[White "Waldowski, P."]
[Black "Echaure, S."]
[Result "0-1"]
[WhiteElo "2120"]
[BlackElo "2075"]
[PlyCount "134"]
[EventDate "1988.??.??"]

1. e4 e5 2. f4 exf4 3. Nf3 Be7 4. Bc4 d6 5. O-O Be6 6. Bxe6 fxe6 7. d4 Nf6 8.
Qd3 O-O 9. Bxf4 Nc6 10. Nbd2 Nh5 11. Be3 d5 12. Rae1 Qd7 13. c3 Rf7 14. b4 Raf8
15. b5 Nd8 16. Rf2 Qd6 17. e5 Qd7 18. c4 c6 19. cxd5 cxd5 20. Rc1 Nf4 21. Bxf4
Rxf4 22. Nf1 Nf7 23. Rfc2 Bd8 24. Ng3 Nh6 25. Ne2 R4f7 26. Nc3 Nf5 27. Na4 Nh4
28. Nxh4 Bxh4 29. Nc5 Qe7 30. Qh3 Bf2+ 31. Rxf2 Rxf2 32. Nxe6 R8f5 33. g4 R5f3
34. Rc8+ Kf7 35. Nd8+ Ke8 36. Nc6+ Kd7 37. Qxf3 Rxf3 38. Nxe7 Rd3 39. Rc5 Kxe7
40. Rxd5 Rd1+ 41. Kf2 b6 42. Rd6 Rd2+ 43. Kg3 Rxa2 44. d5 Re2 45. Re6+ Kd7 46.
h4 Rb2 47. Kf4 Rxb5 48. Rd6+ Ke7 49. Kf5 a5 50. Re6+ Kd8 51. Rc6 Rxd5 52. Rxb6
Kc7 53. Ra6 Kb7 54. Re6 a4 55. Re7+ Kb6 56. Ke4 Ra5 57. Rd7 a3 58. Rd1 a2 59.
Ra1 Kc6 60. h5 Kd7 61. Kf5 Ke7 62. g5 Ra4 63. g6 h6 64. e6 Ra5+ 65. Kg4 Kxe6
66. Re1+ Kd5 67. Ra1 Kc4 0-1

[Event "Air Force ch"]
[Site "?"]
[Date "1992.??.??"]
[Round "7"]
[White "Wilson, M."]
[Black "Waldowski, P."]
[Result "0-1"]
[WhiteElo "1930"]
[BlackElo "2135"]
[PlyCount "136"]
[EventDate "1992.??.??"]

1. e4 c5 2. Nf3 Nc6 3. d4 cxd4 4. Nxd4 Qb6 5. Nb3 Nf6 6. Nc3 e6 7. Be3 Qc7 8.
Be2 Bb4 9. Bf3 Ne5 10. Bd2 Nxf3+ 11. Qxf3 Qc4 12. Qd3 Qxd3 13. cxd3 O-O 14. e5
Ne8 15. Ne4 Bxd2+ 16. Nbxd2 d5 17. exd6 f5 18. d7 Bxd7 19. Nc5 Bc8 20. O-O b6
21. Ncb3 Nd6 22. Rfe1 Rd8 23. Nf3 h6 24. Nfd4 Re8 25. Rac1 e5 26. Nf3 Nf7 27.
Nbd2 Ba6 28. Nc4 Rac8 29. b3 g5 30. h3 Kg7 31. a4 Kf6 32. g4 Bb7 33. Nfd2 Red8
34. Rc3 Rd4 35. gxf5 Kxf5 36. Rec1 Kg6 37. Ne3 Rxc3 38. Rxc3 Ba6 39. Ndc4 Bb7
40. Kh2 h5 41. Ng2 g4 42. hxg4 Rxg4 43. Nge3 Rf4 44. Rc2 Rh4+ 45. Kg3 Rd4 46.
Nb2 h4+ 47. Kh2 Ng5 48. Rc7 Rf4 49. Nbd1 Rf7 50. Rxf7 Kxf7 51. Nc3 Ke6 52. b4
Nf3+ 53. Kh3 Bc8 54. Ng4 Kf5 55. Ne4 Kf4 56. Nef6 Bf5 57. a5 bxa5 58. bxa5 Kg5
59. Ne4+ Kf4 60. Nef6 a6 61. Nd5+ Kg5 62. Nde3 Be6 63. Nc4 Bxg4+ 64. Kg2 Ne1+
65. Kf1 Nxd3 66. Ne3 Bf3 67. Nc2 h3 68. Kg1 Kf4 0-1

[Event "Air Force ch"]
[Site "?"]
[Date "1992.??.??"]
[Round "7"]
[White "Wilson, E."]
[Black "Echaure, S."]
[Result "1-0"]
[WhiteElo "2205"]
[BlackElo "2075"]
[PlyCount "135"]
[EventDate "1992.??.??"]

1. d4 d5 2. c4 e6 3. Nc3 Be7 4. cxd5 exd5 5. Qc2 Nf6 6. Bg5 c6 7. e3 Nbd7 8.
Bd3 h6 9. Bh4 Nh5 10. Bxe7 Qxe7 11. Nge2 Ndf6 12. h3 g5 13. O-O-O Bd7 14. Kb1
O-O-O 15. Nc1 Kb8 16. Nb3 Bc8 17. Na5 Qb4 18. Nb3 Qe7 19. Ka1 Rhe8 20. Nd2 Ng7
21. Rb1 Ne6 22. Nf3 Rf8 23. b4 Rd6 24. Rb3 Nd7 25. Na4 Qf6 26. Nc5 Ka8 27. Rhb1
b6 28. R1b2 h5 29. a4 g4 30. hxg4 hxg4 31. Nxd7 Bxd7 32. Ne5 Rc8 33. Ba6 Rc7
34. Qh7 Nd8 35. Qg8 Bf5 36. Nxg4 Bxg4 37. Qxg4 Qg6 38. Qxg6 Rxg6 39. g3 Rh6 40.
Rc2 Ne6 41. Rb1 Ng5 42. Rcc1 f5 43. Rh1 Rch7 44. Rxh6 Rxh6 45. Rc1 Kb8 46. b5
Kc7 47. bxc6 Rh2 48. Bb7 Ne4 49. f3 Nd2 50. Rg1 Nb3+ 51. Kb1 Nd2+ 52. Kc1 Nb3+
53. Kd1 Ra2 54. Ke1 Nd2 55. Rg2 Nxf3+ 56. Kf1 Ra1+ 57. Ke2 Ng5 58. Rf2 Ra2+ 59.
Kf1 Rxf2+ 60. Kxf2 Ne4+ 61. Kf3 Nd6 62. Kf4 Ne4 63. Kxf5 Nxg3+ 64. Ke5 Nf1 65.
e4 dxe4 66. d5 e3 67. d6+ Kd8 68. Ke6 1-0

[Event "1991 Armed Forces Ch"]
[Site "?"]
[Date "1991.??.??"]
[Round "8"]
[White "Smithwick, J."]
[Black "Waldowski, P."]
[Result "1-0"]
[WhiteElo "2170"]
[BlackElo "2180"]
[PlyCount "135"]
[EventDate "1991.??.??"]

1. d4 d5 2. c4 e6 3. Nc3 c5 4. cxd5 cxd4 5. Qa4+ Bd7 6. Qxd4 exd5 7. Qxd5 Nc6
8. a3 Nf6 9. Qd1 Bc5 10. e3 Qe7 11. Nf3 Rd8 12. Qc2 O-O 13. Be2 Rfe8 14. O-O
Ng4 15. Nd5 Qf8 16. Ng5 f5 17. Nxh7 Kxh7 18. Bxg4 Ne5 19. Be2 Rc8 20. Qb1 Bc6
21. Nf4 g5 22. Nh3 Qf6 23. b4 Be4 24. Qb3 Bd6 25. Bb2 Rg8 26. Rac1 Rcf8 27.
Rfd1 f4 28. Bd3 Bxd3 29. Bxe5 Bxe5 30. Qxd3+ Kh8 31. exf4 gxf4 32. Qf3 Rf7 33.
Rc5 Rh7 34. Rdd5 Bd6 35. Rc4 Re8 36. Kf1 Be5 37. Rc1 Bb2 38. Rcd1 Qa6+ 39. b5
Qxa3 40. Qxa3 Bxa3 41. Rd8 Rxd8 42. Rxd8+ Kg7 43. Rd7+ Kg8 44. Rxh7 Kxh7 45.
Nxf4 a5 46. Nd5 Bb2 47. Nb6 Bd4 48. Na4 Be5 49. Ke2 Bd4 50. f4 Bg1 51. h4 Bh2
52. Kf3 Bg1 53. Ke4 Bf2 54. h5 Bg3 55. Kf3 Be1 56. g4 Kh6 57. Ke4 Bb4 58. Kf5
Bf8 59. g5+ Kxh5 60. Kf6 Kg4 61. Kf7 Kxf4 62. Kxf8 Kxg5 63. Ke7 Kf4 64. Kd7 Ke5
65. Kc7 Kd5 66. Kxb7 Kc4 67. Kc6 Kb4 68. Nc5 1-0

[Event "Air Force ch"]
[Site "?"]
[Date "1987.??.??"]
[Round "6"]
[White "Echaure, S."]
[Black "Hood, A."]
[Result "1-0"]
[WhiteElo "2110"]
[BlackElo "2085"]
[PlyCount "135"]
[EventDate "1987.??.??"]

1. e4 Nf6 2. e5 Nd5 3. b3 g6 4. c4 Nb6 5. f4 Bg7 6. Be2 d6 7. Nf3 c5 8. O-O Nc6
9. Ba3 Nd7 10. Nc3 O-O 11. exd6 exd6 12. Qc2 Nd4 13. Nxd4 Bxd4+ 14. Kh1 Qa5 15.
Bb2 Nf6 16. Bf3 Rb8 17. Rad1 Be6 18. Nd5 Bxd5 19. Bxd5 Bxb2 20. Qxb2 Nxd5 21.
cxd5 f5 22. d4 Qb4 23. Rd2 cxd4 24. Rxd4 Qa5 25. Rd3 Rbc8 26. Qd2 Qxd2 27. Rxd2
Rfe8 28. g3 Rc3 29. Kg2 Rec8 30. Rfd1 Re8 31. Kf2 Kf7 32. Re1 Rxe1 33. Kxe1 Ke7
34. Kd1 Kd7 35. Rd4 Kc7 36. Kd2 Rc5 37. b4 Rb5 38. a4 Rb6 39. Kc3 Ra6 40. Kb3
Kd7 41. Rd2 Rb6 42. h3 h6 43. g4 Ke7 44. Re2+ Kf7 45. h4 Kg7 46. Re7+ Kg8 47.
Rc7 Kh8 48. a5 Rb5 49. Kc4 a6 50. Rd7 b6 51. axb6 Rxb6 52. Rc7 Rb5 53. Rc6 Rb8
54. Rxa6 Re8 55. Rxd6 Re4+ 56. Kb5 Rxf4 57. Ra6 Kg7 58. d6 Rxg4 59. d7 Rd4 60.
Kc6 g5 61. hxg5 hxg5 62. Kc7 Rxd7+ 63. Kxd7 g4 64. b5 g3 65. b6 g2 66. Ra1 f4
67. b7 f3 68. b8=Q 1-0

[Event "Air Force ch"]
[Site "?"]
[Date "1987.??.??"]
[Round "9"]
[White "Dean, M."]
[Black "Echaure, S."]
[Result "1/2-1/2"]
[WhiteElo "2155"]
[BlackElo "2110"]
[PlyCount "137"]
[EventDate "1987.??.??"]

1. Nf3 Nf6 2. c4 d6 3. d4 g6 4. g3 Bg7 5. Nc3 c6 6. Bg2 Nbd7 7. O-O O-O 8. b3
e5 9. Bb2 e4 10. Ne1 d5 11. cxd5 cxd5 12. Nc2 Re8 13. Ne3 Nb6 14. a4 Be6 15. a5
Nbd7 16. b4 Nf8 17. Qb3 Qd7 18. Na4 Rac8 19. Nc5 Qb5 20. Rfd1 Bh6 21. Ba3 Rc7
22. Bf1 b6 23. axb6 axb6 24. Nxe6 Nxe6 25. Ng2 Qd7 26. b5 Rec8 27. e3 Ng5 28.
Ne1 Nh3+ 29. Kg2 Qg4 30. Rac1 Rxc1 31. Rxc1 Rxc1 32. Bxc1 Bf8 33. Qb2 Qh5 34.
f3 Ng5 35. Be2 Qh3+ 36. Kg1 Qd7 37. f4 Ne6 38. Bd2 Qd6 39. Nc2 Qc7 40. Bb4 h5
41. Bxf8 Kxf8 42. Nb4 Ng7 43. Nc6 Nf5 44. Qa3+ Kg7 45. Kf2 Nd6 46. h3 Qd7 47.
Bf1 Nfe8 48. Qa4 Nf6 49. Qa6 Qc7 50. Be2 Nc8 51. Kg2 Ne8 52. g4 hxg4 53. Bxg4
Ned6 54. h4 f5 55. Be2 Kh6 56. Qa2 Qf7 57. Ne5 Qb7 58. Kg3 Na7 59. Qb3 Kg7 60.
h5 gxh5 61. Qb4 Nac8 62. Bxh5 Kf6 63. Qe1 Qg7+ 64. Kh3 Ke6 65. Be2 Qh8+ 66. Kg2
Qg7+ 67. Kf1 Ne8 68. Qh4 Nf6 69. Kf2 1/2-1/2

[Event "1990 Armed Forces ch"]
[Site "?"]
[Date "1990.??.??"]
[Round "12"]
[White "Highley, E."]
[Black "Rivera, N."]
[Result "0-1"]
[WhiteElo "1755"]
[BlackElo "2145"]
[PlyCount "148"]
[EventDate "1990.??.??"]

1. e4 e6 2. d4 d5 3. Nc3 Nf6 4. Bg5 Be7 5. e5 Nfd7 6. Bxe7 Qxe7 7. f4 b6 8. Nf3
O-O 9. Bd3 f5 10. exf6 Nxf6 11. Qd2 c5 12. dxc5 bxc5 13. Ne5 Nfd7 14. Nf3 Qf6
15. g3 Bb7 16. Rf1 Nc6 17. O-O-O c4 18. Be2 Nc5 19. Nd4 Rfd8 20. Nxc6 Bxc6 21.
Qd4 Qxd4 22. Rxd4 Rdb8 23. Bg4 Kf7 24. Re1 g6 25. Rd2 Re8 26. Bf3 Rad8 27. Rde2
Rd6 28. Nd1 d4 29. Bxc6 Rxc6 30. Nf2 Nd3+ 31. Nxd3 cxd3 32. Rd2 Rec8 33. Rxd3
Rxc2+ 34. Kb1 Rxh2 35. Rxd4 Rc7 36. a3 a5 37. Rc1 Rb7 38. Rc2 Rh5 39. Rcd2 Kf6
40. Re2 Rhb5 41. Rde4 Kf5 42. Re5+ Kg4 43. Rxb5 Rxb5 44. Re3 h5 45. Kc2 Kh3 46.
Kc3 a4 47. b4 axb3 48. Kb2 Kg4 49. a4 Rb4 50. a5 Ra4 51. Rxb3 Rxa5 52. Kc2 Ra2+
53. Kd1 Rg2 54. Rb5 Rxg3 55. Rg5+ Kxf4 56. Rc5 e5 57. Ke2 Rg2+ 58. Kf1 Ra2 59.
Rc6 g5 60. Rf6+ Ke4 61. Rb6 h4 62. Rb4+ Kf3 63. Rb3+ Kf4 64. Rb4+ e4 65. Rb7 h3
66. Kg1 e3 67. Re7 Kf3 68. Re8 Ra1+ 69. Kh2 e2 70. Rf8+ Ke4 71. Re8+ Kd3 72.
Rd8+ Kc4 73. Rc8+ Kb5 74. Rb8+ Kc6 0-1